000 00303nam a22001337a 4500
008 170206b xxu||||| |||| 00| 0 eng d
020 _a1567931464
041 _aeng
080 _26ED
_a61
100 _a3
101 _aSHM
245 _aHEALTH SERVICES MENAGEMENT
_cANTHONY .R.R KOVNER
942 _2udc
_cBK
999 _c4746
_d4746